[Event "TOP 16 GpA"]
[Site "Marseille FRA"]
[Date "2010.05.01"]
[Round "6"]
[White "Todorov,T"]
[Black "Naiditsch,A"]
[Result "1/2-1/2"]
[WhiteElo "2493"]
[BlackElo "2691"]
[EventDate "2010.03.26"]

1. e4 c5 2. Nf3 Nc6 3. Bb5 g6 4. c3 a6 5. Bxc6 dxc6 6. d4 cxd4 7. cxd4 Bg7
8. h3 Nf6 9. Nc3 O-O 10. O-O a5 11. Re1 h6 12. Bf4 Kh7 13. Be5 Be6 14. Qc2
Bc4 15. b3 Ba6 16. Rad1 e6 17. Qb2 Rg8 18. d5 cxd5 19. exd5 exd5 20. Nxd5
Nxd5 21. Bxg7 Rxg7 22. Re5 Qf6 23. Rdxd5 Rgg8 24. Qd2 Rgd8 25. Rxd8 Rxd8
26. Qxa5 Kg7 27. Re1 b5 28. Ne5 h5 29. Qc7 Rd2 30. Qa7 Bc8 31. a4 b4 32.
Qc5 Be6 33. Nf3 Rb2 34. Qxb4 Rxb3 35. Qd6 Rb2 36. a5 Ra2 37. Qe5 Ra4 38.
Kh2 Bc8 39. Qc7 Be6 40. Qe5 Bc8 41. h4 Bb7 42. Qxf6+ Kxf6 43. Re3 1/2-1/2

[Event "TOP 16 GpA"]
[Site "Marseille FRA"]
[Date "2010.05.01"]
[Round "6"]
[White "Bacrot,E"]
[Black "Komarov,Di"]
[Result "1-0"]
[WhiteElo "2714"]
[BlackElo "2523"]
[EventDate "2010.03.26"]

1. d4 d5 2. Nf3 Nf6 3. c4 c6 4. Nc3 dxc4 5. a4 Bf5 6. Nh4 Bg4 7. h3 Bh5 8.
g4 Bg6 9. Nxg6 hxg6 10. e4 e5 11. Bxc4 exd4 12. e5 Nfd7 13. Qxd4 Bc5 14.
Qe4 Nb6 15. Ba2 Qd4 16. Qe2 O-O 17. e6 fxe6 18. Qxe6+ Kh8 19. Be3 Qb4 20.
Qxg6 Bxe3 21. fxe3 Qc5 22. O-O-O Na6 23. g5 Qxe3+ 24. Kb1 Qe8 25. Qxe8
Raxe8 26. g6 Rd8 27. a5 Nc8 28. Rxd8 Rxd8 29. Re1 Nb4 30. Bb3 Nd5 31. Nxd5
cxd5 32. Bxd5 Nd6 33. Re5 1-0

[Event "TOP 16 GpA"]
[Site "Marseille FRA"]
[Date "2010.05.01"]
[Round "6"]
[White "Delchev,A"]
[Black "Karr,JP"]
[Result "1/2-1/2"]
[WhiteElo "2625"]
[BlackElo "2385"]
[EventDate "2010.03.26"]

1. d4 Nf6 2. c4 g6 3. Nc3 d5 4. Nf3 Bg7 5. Bg5 Ne4 6. Bh4 Nxc3 7. bxc3 dxc4
8. e3 b5 9. a4 c6 10. Nd2 a6 11. Be2 O-O 12. Bf3 Ra7 13. O-O Bf5 14. e4 Bc8
15. Qb1 c5 16. axb5 Rb7 17. Nxc4 cxd4 18. e5 Rxb5 19. Qd3 Nd7 20. Rfe1 Nxe5
21. Nxe5 Rxe5 22. cxd4 Rxe1+ 23. Rxe1 Qa5 24. Rxe7 1/2-1/2

[Event "TOP 16 GpA"]
[Site "Marseille FRA"]
[Date "2010.05.01"]
[Round "6"]
[White "Bijaoui,M"]
[Black "Miton,K"]
[Result "0-1"]
[WhiteElo "2410"]
[BlackElo "2581"]
[EventDate "2010.03.26"]

1. e4 c5 2. Nf3 d6 3. d4 cxd4 4. Nxd4 Nf6 5. Nc3 Bd7 6. Bg5 e6 7. Qd2 a6 8.
O-O-O Nc6 9. f4 b5 10. Bxf6 gxf6 11. Kb1 b4 12. Nce2 Qb6 13. Nxc6 Bxc6 14.
f5 e5 15. Ng3 Qc5 16. Nh5 Ke7 17. Bd3 Rg8 18. Rhg1 Rg5 19. g4 Bh6 20. Qe2
Rgg8 21. h4 Be3 22. Rg3 Bf2 23. Rh3 Rad8 24. Bc4 h6 25. Bd5 Bd4 26. Bxc6
Qxc6 27. Rhd3 Bc5 28. Qd2 Rxg4 29. Qxh6 d5 30. Rxd5 Rxd5 31. exd5 Qd6 32.
Qh8 Rxh4 33. c4 bxc3 34. bxc3 e4 35. Ka1 Qe5 36. d6+ Bxd6 37. Qc8 Rxh5 38.
Rb1 Bc7 0-1

[Event "TOP 16 GpA"]
[Site "Marseille FRA"]
[Date "2010.05.01"]
[Round "6"]
[White "Gozzoli,Y"]
[Black "Lazarev,V"]
[Result "1/2-1/2"]
[WhiteElo "2515"]
[BlackElo "2468"]
[EventDate "2010.03.26"]

1. d4 Nf6 2. Nf3 d5 3. c4 e6 4. Nc3 Bb4 5. cxd5 exd5 6. Bg5 h6 7. Bxf6 Qxf6
8. Qa4+ Nc6 9. e3 O-O 10. Be2 Be6 11. O-O a6 12. Rfc1 Rfd8 13. Qd1 Bd6 14.
Na4 Ne7 15. Nc5 Bxc5 16. Rxc5 c6 17. b4 Nf5 18. a4 Nd6 19. Nd2 Rdc8 20.
Rac1 Qe7 21. Bd3 Qd8 22. R5c3 a5 23. Qb3 Qb6 24. bxa5 Qxa5 25. Qa3 Nb5 26.
Bxb5 cxb5 27. Rxc8+ Rxc8 28. Rxc8+ Bxc8 29. Qc1 Bf5 30. axb5 Qxb5 31. h3
Qb4 32. f3 Bd3 33. Kh1 Kh7 34. Kg1 b5 35. Kf2 h5 36. g3 f6 37. h4 Kg6 38.
Kg2 Qe7 39. Kf2 Qb4 40. Kg2 Kh7 41. Kf2 Kg6 42. Kg2 1/2-1/2

[Event "TOP 16 GpA"]
[Site "Marseille FRA"]
[Date "2010.05.01"]
[Round "6"]
[White "Giffard,N"]
[Black "Degraeve,JM"]
[Result "0-1"]
[WhiteElo "2361"]
[BlackElo "2563"]
[EventDate "2010.03.26"]

1. d4 d5 2. Nf3 c5 3. c4 dxc4 4. Qa4+ Bd7 5. Qxc4 cxd4 6. Nxd4 e5 7. Nc2
Nc6 8. Nc3 Rc8 9. Qd3 Nb4 10. Nxb4 Bxb4 11. Bd2 Nf6 12. e4 O-O 13. Be2 Qb6
14. O-O Bc6 15. Be3 Bc5 16. Bxc5 Qxc5 17. Rad1 Qb4 18. Nd5 Bxd5 19. exd5
Rfd8 20. Qe3 Qxb2 21. Rb1 Qxa2 22. Rxb7 Qxd5 23. Rxa7 Qd4 24. Qa3 Rd7 25.
Rxd7 Qxd7 26. Rd1 Qc7 27. Qe3 h6 28. g3 Qc2 29. Rd3 Qc1+ 30. Qxc1 Rxc1+ 31.
Kg2 g6 32. Rd2 Kg7 33. Bd3 Rc5 34. Bc2 Rb5 35. Re2 Rb2 36. Bd3 Rxe2 37.
Bxe2 Ne8 38. Bc4 Nd6 39. Bd5 g5 40. Ba2 Kf6 41. Bb1 e4 42. Ba2 Ke5 43. Bb3
f5 44. Ba4 Kd4 45. Bd7 Kd3 46. Kf1 Kd2 47. Be6 f4 48. gxf4 gxf4 49. Bg4 e3
50. fxe3 fxe3 51. h4 Nf5 52. h5 Nd4 0-1

[Event "TOP 16 GpA"]
[Site "Marseille FRA"]
[Date "2010.05.01"]
[Round "6"]
[White "Delorme,L"]
[Black "Lefevre,Ma"]
[Result "1-0"]
[WhiteElo "2226"]
[BlackElo "2036"]
[EventDate "2010.03.26"]

1. d4 Nf6 2. c4 g6 3. Nc3 Bg7 4. Nf3 O-O 5. e4 d6 6. Be2 c5 7. O-O cxd4 8.
Nxd4 Nc6 9. Nc2 Be6 10. Bd2 a6 11. Kh1 Rc8 12. Rc1 Bd7 13. f3 Ne5 14. Ne3
Bc6 15. b4 b6 16. Be1 Bh6 17. Bf2 Nh5 18. g3 f5 19. f4 Nxf4 20. gxf4 Bxf4
21. Ncd5 Bxe3 22. Bxe3 e6 23. Bxb6 Qh4 24. Rf4 Qg5 25. h4 Qg3 26. Qb3 Qxb3
27. axb3 exd5 28. cxd5 Bb7 29. Rxc8 Rxc8 30. exf5 Bxd5+ 31. Kg1 Rf8 32. f6
Nd7 33. Bd4 Bxb3 34. Bxa6 Kf7 35. b5 Bd5 36. Ba7 Ke6 37. b6 Nc5 38. Bf1
Rxf6 39. Bh3+ Ke5 40. Rb4 Nb7 41. Rb5 Kd4 42. Rxd5+ Kxd5 43. Bg2+ Ke6 44.
Bxb7 Kd7 45. Bd5 Rf8 46. Kg2 Kc8 47. Kg3 h6 48. Kg4 1-0

[Event "TOP 16 GpA"]
[Site "Marseille FRA"]
[Date "2010.05.01"]
[Round "6"]
[White "Tirard,H"]
[Black "Sokolov,Ivan"]
[Result "0-1"]
[WhiteElo "2451"]
[BlackElo "2638"]
[EventDate "2010.03.26"]

1. e4 e5 2. Nf3 Nc6 3. Bb5 g6 4. d4 exd4 5. Bg5 Be7 6. Bxe7 Qxe7 7. O-O Qb4
8. Bxc6 dxc6 9. Qxd4 Qxd4 10. Nxd4 Bd7 11. Nc3 O-O-O 12. Rfe1 Ne7 13. h3
Bxh3 14. Nf3 Be6 15. Ng5 Bc4 16. b3 h6 17. Nh3 Be6 18. Nf4 Bd7 19. Re3 b6
20. Rae1 g5 21. Nd3 Ng6 22. Ne2 f5 23. exf5 Bxf5 24. Nb4 Kb7 25. Ng3 Bc8
26. Nd3 Nf4 27. Ne5 Rd2 28. c4 Rxa2 29. Nf7 Rf8 30. Nxh6 Nxg2 0-1

[Event "TOP 16 GpA"]
[Site "Marseille FRA"]
[Date "2010.05.01"]
[Round "6"]
[White "Magem Badals,J"]
[Black "Colin,V"]
[Result "1-0"]
[WhiteElo "2576"]
[BlackElo "2445"]
[EventDate "2010.03.26"]

1. e4 e5 2. Nf3 Nc6 3. Bb5 a6 4. Bxc6 dxc6 5. O-O Bd6 6. d4 exd4 7. Qxd4 f6
8. Be3 Ne7 9. Nbd2 Be6 10. Qc3 Ng6 11. Nd4 Bf7 12. Nf5 O-O 13. Nc4 Ne7 14.
Nfxd6 cxd6 15. Rfd1 Bxc4 16. Qxc4+ d5 17. Qb3 Qd6 18. c4 Rfd8 19. cxd5 cxd5
20. exd5 Rd7 21. Rac1 Rc8 22. Rc6 Qb8 23. d6+ Kh8 24. Rxc8+ Nxc8 25. Qe6
1-0

[Event "TOP 16 GpA"]
[Site "Marseille FRA"]
[Date "2010.05.01"]
[Round "6"]
[White "Bellaiche,A"]
[Black "Gofshtein,L"]
[Result "1-0"]
[WhiteElo "2443"]
[BlackElo "2540"]
[EventDate "2010.03.26"]

1. d4 e6 2. c4 f5 3. Nf3 Nf6 4. g3 d5 5. Bg2 c6 6. O-O Bd6 7. b3 Qe7 8. Bb2
O-O 9. Nbd2 a5 10. a3 b6 11. Ne5 Ba6 12. Re1 Rc8 13. f3 Rd8 14. Nd3 Nbd7
15. e4 dxc4 16. Nxc4 fxe4 17. Nxd6 exd3 18. Nc4 Nd5 19. Qxd3 Qf6 20. Qe4
Nf8 21. Rac1 Rac8 22. Ne5 Bb7 23. Qe2 Rc7 24. f4 Qe7 25. Qf2 Rdc8 26. f5
Qf6 27. fxe6 Qxf2+ 28. Kxf2 Re8 29. Bh3 Nxe6 30. Nxc6 Rxc6 31. Rxc6 Bxc6
32. Bxe6+ Kf8 33. Re5 Nc7 34. Bc4 Rxe5 35. dxe5 b5 36. Bd3 h6 37. Ke3 Ke7
38. Be4 Kd7 39. Bxc6+ Kxc6 40. Ke4 g6 41. Bc1 h5 42. a4 b4 43. Bd2 Ne6 44.
Be3 Ng7 45. Bf2 Ne6 46. Be3 Ng7 47. Kd3 Ne6 48. Kc4 g5 49. Kd3 g4 50. Ke4
Ng7 51. Bf2 Kc7 52. Kd5 Kd7 53. Bb6 Nf5 54. Ke4 Ne7 55. Bxa5 Nc6 56. Bb6
Ke6 57. a5 Nxe5 58. a6 Nd7 59. Bd4 1-0

[Event "TOP 16 GpA"]
[Site "Marseille FRA"]
[Date "2010.05.01"]
[Round "6"]
[White "Marcelin,C"]
[Black "Vojinovic,G"]
[Result "1/2-1/2"]
[WhiteElo "2499"]
[BlackElo "2443"]
[EventDate "2010.03.26"]

1. Nf3 Nf6 2. c4 g6 3. Nc3 Bg7 4. e4 O-O 5. d4 d6 6. h3 Nbd7 7. e5 Ne8 8.
exd6 Nxd6 9. c5 Ne8 10. Be3 c6 11. Qd2 Nc7 12. Bh6 Nf6 13. Bxg7 Kxg7 14.
Be2 Be6 15. O-O Ncd5 16. Rfe1 Qd7 17. Ng5 Nc7 18. Rad1 1/2-1/2

[Event "TOP 16 GpA"]
[Site "Marseille FRA"]
[Date "2010.05.01"]
[Round "6"]
[White "Godard,M"]
[Black "Nguyen Chi Minh"]
[Result "1/2-1/2"]
[WhiteElo "2340"]
[BlackElo "2439"]
[EventDate "2010.03.26"]

1. d4 e6 2. c4 Nf6 3. Nf3 b6 4. g3 Bb7 5. Bg2 Bb4+ 6. Bd2 a5 7. O-O O-O 8.
Nc3 Na6 9. Rc1 Bxc3 10. Bxc3 Nb4 11. Qb3 Ne4 12. a3 Nc6 13. Rfd1 a4 14. Qc2
Nxc3 15. Qxc3 Na5 16. d5 d6 17. Nd2 e5 18. e4 Bc8 19. f4 f6 20. Qe3 Qe7 21.
f5 Ba6 22. h4 c5 23. Bf1 Rfb8 24. b4 axb3 25. Nxb3 Nxb3 26. Qxb3 Qa7 27.
Kg2 Bc8 28. Rc3 Bd7 29. Rb1 Qa5 30. Qb2 Ba4 31. Rf3 h5 32. Be2 Be8 33. Rb3
Ra6 34. Qc1 Ra7 35. Qe3 Rab7 36. Qd3 Qa4 37. Kh2 Qd7 38. Qd2 Qf7 39. Qe3
Qd7 40. Qd2 Qf7 41. Qe3 Kf8 42. Qf3 Qc7 43. Rg1 b5 44. cxb5 Bxb5 45. Qxh5
Bxe2 46. Rxb7 Rxb7 47. Qxe2 Qa5 48. Ra1 Qc3 49. Ra2 Rb1 50. a4 Qd4 51. Qg2
c4 52. a5 c3 53. a6 Qa7 54. Kh3 Rb2 55. Rxb2 cxb2 56. Qxb2 Qxa6 57. Qc2
Qf1+ 58. Qg2 Qd1 59. Kh2 Qd3 60. Kh3 Kg8 61. Kg4 Qd1+ 62. Qf3 Qe1 63. Kh5
Qd2 64. Kg4 Qc1 1/2-1/2

[Event "TOP 16 GpA"]
[Site "Marseille FRA"]
[Date "2010.05.01"]
[Round "6"]
[White "Clery,N"]
[Black "Geenen,M"]
[Result "1/2-1/2"]
[WhiteElo "2391"]
[BlackElo "2327"]
[EventDate "2010.03.26"]

1. d4 d5 2. c4 c6 3. Nc3 dxc4 4. e3 b5 5. a4 b4 6. Na2 e6 7. Bxc4 Nf6 8.
Nf3 Bb7 9. O-O Be7 10. Bd2 a5 11. Nc1 Nbd7 12. Nb3 O-O 13. Qe2 c5 14. Rfc1
Qb6 15. Be1 Rfc8 16. Bb5 Bd5 17. Nfd2 cxd4 18. Nxd4 Ne5 19. f3 Bc5 20. Bf2
Bxd4 21. exd4 Nc6 22. Nc4 Qd8 23. Ne5 Ne7 24. Rc5 Nf5 25. Rac1 Nd6 26. Nc6
Qf8 27. Ne5 Nxb5 28. axb5 Rcb8 29. Bh4 Qd6 30. Bxf6 gxf6 31. Ng4 Qf4 32.
Qe3 Qxe3+ 33. Nxe3 Bb3 1/2-1/2

[Event "TOP 16 GpA"]
[Site "Marseille FRA"]
[Date "2010.05.01"]
[Round "6"]
[White "Azadharf,F"]
[Black "Aguettaz,M"]
[Result "0-1"]
[WhiteElo "2245"]
[BlackElo "2389"]
[EventDate "2010.03.26"]

1. e4 c5 2. Nf3 Nc6 3. Bb5 g6 4. c3 Bg7 5. d3 e5 6. Be3 d6 7. Bxc6+ bxc6 8.
Qa4 Ne7 9. Na3 O-O 10. Rd1 Bg4 11. h3 Bxf3 12. gxf3 Qd7 13. f4 exf4 14.
Bxf4 f5 15. e5 dxe5 16. Be3 Kh8 17. Qc4 Rab8 18. Rd2 Rfe8 19. Qxc5 f4 0-1

[Event "TOP 16 GpA"]
[Site "Marseille FRA"]
[Date "2010.05.01"]
[Round "6"]
[White "Assad,K"]
[Black "Fruteau,S"]
[Result "0-1"]
[WhiteElo "2056"]
[BlackElo "2125"]
[EventDate "2010.03.26"]

1. d4 Nf6 2. c4 e6 3. Nf3 Bb4+ 4. Bd2 Qe7 5. Nc3 Bxc3 6. Bxc3 Ne4 7. Rc1
Nxc3 8. Rxc3 d6 9. g3 O-O 10. Bg2 e5 11. O-O Nd7 12. dxe5 dxe5 13. Qc2 f5
14. e3 a5 15. b3 Ra6 16. Ne1 e4 17. f4 Nf6 18. Qc1 Qc5 19. a3 Rd8 20. Qb2
Rad6 21. b4 Qa7 22. Nc2 Rd2 23. Qb3 a4 24. Qb1 Qb6 25. Nd4 R8xd4 26. c5 Qb5
0-1

[Event "TOP 16 GpA"]
[Site "Marseille FRA"]
[Date "2010.05.01"]
[Round "6"]
[White "Prie,E"]
[Black "Dumitrache,D"]
[Result "1-0"]
[WhiteElo "2502"]
[BlackElo "2467"]
[EventDate "2010.03.26"]

1. d4 d6 2. Nf3 Nf6 3. Bf4 g6 4. e3 Bg7 5. Be2 O-O 6. O-O Nbd7 7. c4 b6 8.
Nc3 Bb7 9. Qc2 Nh5 10. Bg5 h6 11. Bh4 c5 12. d5 g5 13. Bxg5 Bxc3 14. bxc3
hxg5 15. Nxg5 Nhf6 16. f4 Kg7 17. Rf3 Rg8 18. Rg3 Kf8 19. Qh7 Rxg5 20. Qh6+
Ke8 21. fxg5 Ne4 22. Rg4 1-0

[Event "TOP 16 GpA"]
[Site "Marseille FRA"]
[Date "2010.05.01"]
[Round "6"]
[White "Cornette,M"]
[Black "Touzane,O"]
[Result "1-0"]
[WhiteElo "2552"]
[BlackElo "2287"]
[EventDate "2010.03.26"]

1. e4 c5 2. Nc3 a6 3. g3 b5 4. Bg2 Bb7 5. Nge2 b4 6. Nd5 e6 7. Ne3 Nf6 8.
d3 d5 9. e5 Nfd7 10. f4 Qc7 11. O-O g6 12. g4 a5 13. d4 Nc6 14. c4 1-0

[Event "TOP 16 GpA"]
[Site "Marseille FRA"]
[Date "2010.05.01"]
[Round "6"]
[White "Sarthou,G"]
[Black "Le Roux,JP"]
[Result "1/2-1/2"]
[WhiteElo "2386"]
[BlackElo "2512"]
[EventDate "2010.03.26"]

1. d4 Nf6 2. Bg5 e6 3. Nd2 h6 4. Bh4 c5 5. e3 Be7 6. c3 b6 7. Ngf3 Bb7 8.
Bd3 d6 9. O-O O-O 10. Re1 Nbd7 11. h3 Nh5 12. Bxe7 Qxe7 13. Bf1 g6 14. a4
a6 15. Nc4 Rfd8 16. e4 Nhf6 17. d5 exd5 18. exd5 Qf8 19. Ne3 Re8 20. g3 Re7
21. Bg2 Rae8 22. Qb3 Ne4 23. Nf1 Qg7 24. Red1 Qf6 25. N1d2 Bc8 26. Nxe4
Rxe4 27. Nh2 R4e7 28. Ng4 Qg7 29. Rd2 h5 30. Nh2 Qf6 31. Rf1 Kg7 32. Nf3
Re2 33. Rfd1 R2e4 34. h4 a5 35. Ng5 R4e7 36. c4 Nf8 1/2-1/2

[Event "TOP 16 GpA"]
[Site "Marseille FRA"]
[Date "2010.05.01"]
[Round "6"]
[White "Terrieux,K"]
[Black "Buscara,S"]
[Result "1-0"]
[WhiteElo "2423"]
[BlackElo "2238"]
[EventDate "2010.03.26"]

1. d4 g6 2. e4 Bg7 3. Nc3 d6 4. Be3 Nf6 5. Qd2 O-O 6. f3 c6 7. g4 h5 8. g5
Ne8 9. f4 b5 10. a3 a5 11. Nf3 Na6 12. Nh4 b4 13. axb4 axb4 14. Ne2 d5 15.
e5 e6 16. Ng3 Bb7 17. Be2 c5 18. O-O cxd4 19. Bxd4 Nec7 20. Bd3 Qe8 21. Qe2
Qc6 22. Nxh5 gxh5 23. Qxh5 Rfc8 24. f5 Nb5 25. f6 Nxd4 26. Qh7+ Kf8 27.
fxg7+ Ke7 28. Rxf7+ 1-0

[Event "TOP 16 GpA"]
[Site "Marseille FRA"]
[Date "2010.05.01"]
[Round "6"]
[White "Litwak,A"]
[Black "Laurent,Ju"]
[Result "1/2-1/2"]
[WhiteElo "2269"]
[BlackElo "2319"]
[EventDate "2010.03.26"]

1. e4 c5 2. Nf3 d6 3. d4 cxd4 4. Nxd4 Nf6 5. Nc3 g6 6. Be3 Bg7 7. f3 Nc6 8.
Qd2 Bd7 9. O-O-O h5 10. Kb1 a6 11. Be2 b5 12. Nxc6 Bxc6 13. Nd5 Bxd5 14.
exd5 Qc7 15. Bd4 Rc8 16. Rhe1 1/2-1/2

[Event "TOP 16 GpA"]
[Site "Marseille FRA"]
[Date "2010.05.01"]
[Round "6"]
[White "Le Goff,D"]
[Black "Kaufeld,J"]
[Result "1-0"]
[WhiteElo "2281"]
[BlackElo "2241"]
[EventDate "2010.03.26"]

1. e4 c5 2. Nf3 d6 3. d4 cxd4 4. Nxd4 Nf6 5. Nc3 Nc6 6. Be2 e5 7. Nf3 h6 8.
h3 Be7 9. O-O O-O 10. Re1 Be6 11. Bf1 Qa5 12. Bd2 Qd8 13. Qe2 a6 14. Rad1
Qc7 15. b3 Nb8 16. Qe3 Nbd7 17. Bc1 Rac8 18. Bb2 Qc6 19. g3 Nc5 20. Bg2
Rfe8 21. Nh4 Bf8 22. Nd5 Bxd5 23. exd5 Qc7 24. Kh2 b5 25. Nf5 Ncd7 26. Rc1
Nb6 27. Qd2 Nbd7 28. c4 Qa7 29. Ba3 Nc5 30. Qe3 Qd7 31. g4 h5 32. Bxc5 Rxc5
33. Be4 Nxe4 34. Qxe4 g6 35. Rg1 Kh8 36. Ne3 Bh6 37. b4 Bf4+ 38. Kg2 Rcc8
39. c5 f5 40. gxf5 gxf5 41. Qxf5 Rg8+ 42. Kf3 e4+ 43. Ke2 Qxf5 44. Nxf5
Bxc1 45. Rxc1 dxc5 46. bxc5 Rgd8 47. Ne7 Rc7 48. d6 Rcd7 49. Rd1 Kg7 50. c6
Kf6 51. cxd7 Rxd7 52. Nc6 Ke6 53. Nb8 1-0

[Event "TOP 16 GpA"]
[Site "Marseille FRA"]
[Date "2010.05.01"]
[Round "6"]
[White "Domenech,V"]
[Black "Bailet,P"]
[Result "0-1"]
[WhiteElo "2050"]
[BlackElo "2367"]
[EventDate "2010.03.26"]

1. d4 Nf6 2. Bf4 d6 3. Nf3 g6 4. e3 Bg7 5. Be2 O-O 6. O-O Nbd7 7. c4 Nh5 8.
Bg5 h6 9. Bh4 g5 10. Nfd2 Nf4 11. exf4 gxh4 12. Nf3 e5 13. fxe5 dxe5 14.
Nc3 exd4 15. Nxd4 Nc5 16. Nb3 Ne6 17. Qc2 Nf4 18. Bf3 Qg5 19. Nd5 c6 20.
Nxf4 Qxf4 21. Qe4 Qxe4 22. Bxe4 Re8 23. Rfe1 Be6 24. Nc5 Bxc4 25. Nxb7 Bxb2
26. Bxc6 Bxa1 27. Rxe8+ Rxe8 28. Bxe8 Bxa2 29. Ba4 Be5 30. Na5 a6 31. Nc6
Bf6 32. g3 Bc4 33. f4 h3 34. Kf2 Bc3 35. Ne7+ Kf8 36. Nf5 Be6 37. Ne3 Ke7
38. f5 Ba2 39. Kf3 Bd2 40. Nf1 Bg5 41. Ne3 Kf6 42. Bc2 Bxe3 43. Kxe3 Ke5
44. g4 Bd5 45. Ba4 f6 46. Be8 a5 47. Ba4 Be4 48. Be8 Bc2 49. Kf3 a4 50. Kg3
a3 51. Bf7 Be4 52. Ba2 Bd5 53. Bb1 Kd4 54. Kh4 Bf7 0-1

[Event "TOP 16 GpA"]
[Site "Marseille FRA"]
[Date "2010.05.01"]
[Round "6"]
[White "Le Diouron,A"]
[Black "Bannwarth,F"]
[Result "1-0"]
[WhiteElo "1956"]
[BlackElo "1849"]
[EventDate "2010.03.26"]

1. e4 e5 2. Nf3 Nc6 3. Bb5 Nge7 4. c3 a6 5. Ba4 b5 6. Bc2 Bb7 7. d4 Ng6 8.
dxe5 Ncxe5 9. Nxe5 Nxe5 10. f4 Nc4 11. b3 Nb6 12. O-O d5 13. exd5 Qxd5 14.
Re1+ Be7 15. Qg4 Kf8 16. Be4 Bc5+ 17. Kf1 Qxe4 18. Rxe4 Bxe4 19. Ba3 Bd3+
20. Ke1 Bxa3 21. Nxa3 Re8+ 22. Kd2 Rd8 23. Qg5 Rd5 24. Qh4 Rd7 25. Rd1 Bf5+
26. Kc1 Rxd1+ 27. Kxd1 f6 28. g4 Be4 29. c4 b4 30. Nc2 c5 31. Qf2 Nd7 32.
Qe3 Bxc2+ 33. Kxc2 Kf7 34. Qd3 Ke7 35. Qe4+ Kd6 36. Qd5+ Kc7 37. Qf7 1-0

[Event "TOP 16 GpB"]
[Site "Mulhouse FRA"]
[Date "2010.04.29"]
[Round "4"]
[White "Riazantsev,A"]
[Black "Sumets,A"]
[Result "1/2-1/2"]
[WhiteElo "2660"]
[BlackElo "2614"]
[EventDate "2010.03.26"]

1. d4 d5 2. c4 dxc4 3. e4 e5 4. Nf3 Nf6 5. Nbd2 exd4 6. Bxc4 Be7 7. e5 Nd5
8. Qb3 c6 9. Nxd4 O-O 10. N2f3 Nb6 11. Bd3 N8d7 12. Qd1 1/2-1/2

[Event "TOP 16 GpB"]
[Site "Mulhouse FRA"]
[Date "2010.04.29"]
[Round "4"]
[White "Vernay,C"]
[Black "Postny,E"]
[Result "1-0"]
[WhiteElo "2440"]
[BlackElo "2641"]
[EventDate "2010.03.26"]

1. d4 Nf6 2. c4 e6 3. Nf3 b6 4. g3 Ba6 5. b3 b5 6. cxb5 Bxb5 7. Bg2 Bb4+ 8.
Bd2 a5 9. Bxb4 axb4 10. Qd2 Qe7 11. Qg5 c5 12. Qxg7 Rg8 13. Qh6 Nc6 14.
dxc5 Qxc5 15. O-O Ke7 16. Nbd2 Qb6 17. Nc4 Bxc4 18. bxc4 Ra3 19. e3 Rg6 20.
Qh3 Qa6 21. Rab1 Qxc4 22. Nd2 Qc2 23. Bxc6 Qxd2 24. Rfd1 Qc3 25. Rbc1 Qb2
26. Rb1 Qxa2 27. Qh4 Qxb1 28. Rxb1 Rg4 29. Qh3 dxc6 30. Qf1 Nd5 31. Qd1 Rc4
32. Qe2 Rac3 33. e4 Nf6 34. e5 Nd5 35. Qd2 Kd7 36. Ra1 c5 37. Ra6 Ra3 38.
Rd6+ Kc7 39. Qg5 Ra8 40. Qg7 Kb7 41. Qxf7+ Nc7 42. Qd7 b3 43. Qc6+ Kc8 44.
Rd7 Rc1+ 45. Kg2 Ra7 46. Rxh7 Rd1 47. Qb6 1-0

[Event "TOP 16 GpB"]
[Site "Mulhouse FRA"]
[Date "2010.04.29"]
[Round "4"]
[White "Koch,JR"]
[Black "Benitah,Y"]
[Result "1-0"]
[WhiteElo "2470"]
[BlackElo "2377"]
[EventDate "2010.03.26"]

1. e4 c5 2. Nf3 d6 3. d4 cxd4 4. Nxd4 Nf6 5. Nc3 a6 6. Be2 e6 7. O-O Be7 8.
f4 Qc7 9. Be3 O-O 10. Qe1 b5 11. Bf3 Bb7 12. e5 Ne8 13. Qg3 Nd7 14. Rae1
Bxf3 15. Qxf3 Rc8 16. Qh3 Nb6 17. Kh1 Kh8 18. Nf3 Nc4 19. Bd4 dxe5 20. fxe5
Rd8 21. Ne4 Kg8 22. Rf2 Qc6 23. c3 Nb6 24. Qh5 h6 25. Nf6+ Bxf6 26. exf6
Nxf6 27. Bxf6 gxf6 28. Qxh6 Qc5 29. Rfe2 Qf5 30. Re4 Qg6 31. Qh3 f5 32. Ne5
Qh7 33. Rh4 Qg7 34. Ng4 Rfe8 35. Rh7 Qg6 36. Rh6 Qg7 37. Nf6+ Kf8 38. Qh4
1-0

[Event "TOP 16 GpB"]
[Site "Mulhouse FRA"]
[Date "2010.04.29"]
[Round "4"]
[White "Doncea,V"]
[Black "Svetushkin,D"]
[Result "1-0"]
[WhiteElo "2475"]
[BlackElo "2554"]
[EventDate "2010.03.26"]

1. c4 e5 2. g3 Nf6 3. Bg2 Bc5 4. Nc3 O-O 5. e3 Re8 6. Nge2 d6 7. a3 c6 8.
O-O Bb6 9. d4 e4 10. d5 c5 11. h3 h5 12. Nf4 g6 13. b4 Bf5 14. Na4 Nbd7 15.
Bb2 Bc7 16. bxc5 Nxc5 17. Nc3 Rc8 18. Nb5 Bb6 19. Rb1 Qe7 20. Ba1 Kh7 21.
Kh2 Kh6 22. Rh1 Nd3 23. Nxd3 exd3 24. Nd4 Be4 25. f3 Bxd5 26. cxd5 Qxe3 27.
Rb3 h4 28. Rf1 Nh5 29. Rxd3 hxg3+ 30. Kh1 Qf4 31. Ne2 Qf5 32. f4 Bf2 33.
Bd4 Re7 34. Bxf2 gxf2 35. Nd4 Qxf4 36. Qg4 Rc4 37. Qxf4+ Nxf4 38. Rd2 Re1
39. Nb5 Rc5 40. Nxd6 Rxd5 41. Nxf7+ Kg7 42. Rdxf2 Nxg2 43. Kxg2 Re4 44. Rf4
Re3 45. R1f3 Rdd3 46. Ng5 Kh6 47. Nf7+ Kg7 48. Rxe3 Rxe3 49. a4 Rb3 50. Nd6
Kh6 51. Rf7 Ra3 52. Rf4 Rb3 53. Nb5 a6 54. Nd4 Rb2+ 55. Kg3 b5 56. a5 Ra2
57. Nc6 Kg5 58. h4+ Kh5 59. Rf6 g5 60. hxg5 Kxg5 61. Rd6 Ra3+ 62. Kf2 Kf4
63. Ke2 Ke4 64. Kd2 Ra4 65. Kc3 Rc4+ 66. Kb3 Ra4 67. Rd8 Ra1 68. Ra8 Kd5
69. Nb4+ Kc5 70. Rc8+ Kd4 71. Nc2+ 1-0

[Event "TOP 16 GpB"]
[Site "Mulhouse FRA"]
[Date "2010.04.29"]
[Round "4"]
[White "Pucher,O"]
[Black "Ravot,S"]
[Result "1-0"]
[WhiteElo "2342"]
[BlackElo "2264"]
[EventDate "2010.03.26"]

1. d4 f5 2. g3 Nf6 3. Bg2 d6 4. Nf3 g6 5. c4 Bg7 6. O-O O-O 7. Nc3 Qe8 8.
Re1 Qf7 9. Ng5 Qxc4 10. e4 Nxe4 11. Ngxe4 fxe4 12. Rxe4 Qf7 13. Rf4 Bf6 14.
Nd5 Na6 15. Qb3 Kg7 16. Nxf6 exf6 17. d5 g5 18. Rc4 Nc5 19. Qc3 b5 20. Rxc5
dxc5 21. Qxc5 a6 22. Bd2 Bb7 23. Ba5 Rac8 24. Re1 Rfe8 25. Re6 Qf8 26.
Qxf8+ Rxf8 27. Bc3 Rf7 28. h4 gxh4 29. g4 h6 30. f4 Rd8 31. g5 hxg5 32.
fxg5 Kg6 33. gxf6 Bxd5 34. Rxa6 Kf5 35. Bh3+ Kf4 36. Kf2 Be4 37. a4 bxa4
38. Rxa4 Ra8 39. Rxe4+ Kxe4 40. Bg2+ Kf4 41. Bxa8 h3 42. Bd5 1-0

[Event "TOP 16 GpB"]
[Site "Mulhouse FRA"]
[Date "2010.04.29"]
[Round "4"]
[White "Renaze,L"]
[Black "Elbilia,J"]
[Result "1/2-1/2"]
[WhiteElo "2304"]
[BlackElo "2402"]
[EventDate "2010.03.26"]

1. d4 Nf6 2. c4 d6 3. Nc3 Nbd7 4. e4 e5 5. Nf3 Be7 6. Be2 c6 7. O-O a6 8.
Qc2 O-O 9. Rd1 Qc7 10. Bg5 Re8 11. Rac1 Nf8 12. c5 exd4 13. cxd6 Bxd6 14.
Bxf6 dxc3 15. Bxc3 Ng6 16. h3 Bf4 17. Ra1 Qe7 18. Bd3 Ne5 19. Nxe5 Bxe5 20.
Bc4 1/2-1/2

[Event "TOP 16 GpB"]
[Site "Mulhouse FRA"]
[Date "2010.04.29"]
[Round "4"]
[White "Neiman,E"]
[Black "Lacour,S"]
[Result "1/2-1/2"]
[WhiteElo "2339"]
[BlackElo "2194"]
[EventDate "2010.03.26"]

1. d4 Nf6 2. Nf3 c5 3. d5 d6 4. Nc3 g6 5. e4 Bg7 6. Be2 O-O 7. O-O Na6 8.
Bf4 Nc7 9. a4 a6 10. a5 Nb5 11. Nd2 Nd7 12. Na4 Qxa5 13. Nxc5 Qc7 14. Nxd7
Bxd7 15. c3 f5 16. exf5 Rxf5 17. Be3 Raf8 18. Nf3 Qc8 19. Qb3 Rh5 20. c4
Nc7 21. c5 Bb5 22. Bxb5 Nxb5 23. c6 Rxf3 24. cxb7 Qxb7 25. gxf3 Be5 26.
Rfc1 Qd7 27. Qc4 Bxh2+ 28. Kf1 Qh3+ 29. Ke2 Rf5 30. Qg4 Qxg4 31. fxg4 Rxd5
1/2-1/2

[Event "TOP 16 GpB"]
[Site "Mulhouse FRA"]
[Date "2010.04.29"]
[Round "4"]
[White "Mehiaoui,D"]
[Black "Collas,S"]
[Result "0-1"]
[WhiteElo "1934"]
[BlackElo "2313"]
[EventDate "2010.03.26"]

1. e4 c5 2. Nf3 e6 3. d4 cxd4 4. Nxd4 a6 5. c4 Nf6 6. Nc3 d6 7. Be2 Qc7 8.
O-O b6 9. Be3 Bb7 10. f3 Be7 11. Qd2 O-O 12. Rfc1 Nbd7 13. a4 Ne5 14. a5
bxa5 15. Na4 Rab8 16. Qc3 Rfc8 17. Nb3 Ba8 18. Nxa5 Bd8 19. b4 Nc6 20. Nxc6
Bxc6 21. Qd2 Ne8 22. c5 Bf6 23. Bd4 Bxd4+ 24. Qxd4 Bb5 25. Bxb5 axb5 26.
Nb6 Rd8 27. Qc3 Nf6 28. Ra5 Qc6 29. Qe3 dxc5 30. bxc5 e5 31. Rb1 Rd4 32.
Raxb5 Rbd8 33. R5b2 Qxc5 34. Nd5 R4xd5 35. Qxc5 Rxc5 36. Ra2 h5 37. h4 Rd7
38. Rbb2 g6 39. Kf2 Kg7 40. Re2 Nh7 41. Rab2 Nf8 42. Ra2 Ne6 43. Reb2 Rdc7
44. Kg3 Nd4 45. Rb6 R7c6 46. Rb7 Rc2 47. Raa7 Ne2+ 48. Kh2 Rf6 49. Ra1 Nf4
50. Rg1 Rd6 51. Rb5 Kf6 52. Ra5 Rdd2 0-1